Play, dreams, and imitation in childhood / (Record no. 21664)
[ view plain ]
| 000 -CABECERA | |
|---|---|
| campo de control de longitud fija | 00705nam a2200253 4500 |
| 003 - IDENTIFICADOR DEL NÚMERO DE CONTROL | |
| campo de control | OSt |
| 005 - FECHA Y HORA DE LA ÚLTIMA TRANSACCIÓN | |
| campo de control | 20260601193846.0 |
| 008 - DATOS DE LONGITUD FIJA--INFORMACIÓN GENERAL | |
| campo de control de longitud fija | 260422b1962 xxu |||| |||| 00| 0 eng d |
| 020 ## - NÚMERO INTERNACIONAL ESTÁNDAR DEL LIBRO | |
| Número Internacional Estándar del Libro | 393001717 |
| 040 ## - FUENTE DE LA CATALOGACIÓN | |
| Centro catalogador/agencia de origen | ICI |
| Lengua de catalogación | spa |
| Centro/agencia transcriptor | ICI |
| 050 ## - SIGNATURA TOPOGRÁFICA DE LA BIBLIOTECA DEL CONGRESO | |
| Número de clasificación | BF721 |
| Número de documento/Ítem | P535 |
| 100 #1 - ENTRADA PRINCIPAL--NOMBRE DE PERSONA | |
| Nombre de persona | Piaget, Jean, |
| Fechas asociadas al nombre | 1896-1980 |
| 9 (RLIN) | 31527 |
| 245 #1 - MENCIÓN DE TÍTULO | |
| Título | Play, dreams, and imitation in childhood / |
| 264 ## - PRODUCCIÓN, PUBLICACIÓN, DISTRIBUCIÓN, FABRICACIÓN Y COPYRIGHT | |
| Nombre del de productor, editor, distribuidor, fabricante | The norton librery, |c |
| Fecha de producción, publicación, distribución, fabricación o copyright | 1962 |
| Producción, publicación, distribución, fabricación y copyright | New York : |
| 300 ## - DESCRIPCIÓN FÍSICA | |
| Extensión | 296 páginas |
| Dimensiones | 20cm |
| 336 ## - TIPO DE CONTENIDO | |
| Término de tipo de contenido | texto |
| Fuente | rdacontent |
| 337 ## - TIPO DE MEDIO | |
| Nombre/término del tipo de medio | sin medio |
| Fuente | rdamedia |
| 338 ## - TIPO DE SOPORTE | |
| Nombre/término del tipo de soporte | volumen |
| Fuente | rdacarrier |
| 650 #4 - PUNTO DE ACCESO ADICIONAL DE MATERIA--TÉRMINO DE MATERIA | |
| Término de materia o nombre geográfico como elemento de entrada | Juego |
| 9 (RLIN) | 31528 |
| 650 #4 - PUNTO DE ACCESO ADICIONAL DE MATERIA--TÉRMINO DE MATERIA | |
| Término de materia o nombre geográfico como elemento de entrada | Imitación |
| 9 (RLIN) | 31529 |
| 650 #4 - PUNTO DE ACCESO ADICIONAL DE MATERIA--TÉRMINO DE MATERIA | |
| Término de materia o nombre geográfico como elemento de entrada | Simbolismo |
| 9 (RLIN) | 15011 |
| 650 #4 - PUNTO DE ACCESO ADICIONAL DE MATERIA--TÉRMINO DE MATERIA | |
| Término de materia o nombre geográfico como elemento de entrada | Niños |
| Subdivisión general | Crecimiento |
| 9 (RLIN) | 31530 |
| 942 ## - ELEMENTOS DE PUNTO DE ACCESO ADICIONAL (KOHA) | |
| Fuente del sistema de clasificación o colocación | Library of Congress Classification |
| Tipo de ítem Koha | Libros |
| Estado de retiro | Estado de pérdida | Fuente del sistema de clasificación o colocación | Estado dañado | No para préstamo | Localización permanente | Ubicación/localización actual | Fecha de adquisición | Total de préstamos | Signatura topográfica completa | Código de barras | Fecha visto por última vez | Número de copia | Precio válido a partir de | Tipo de ítem Koha |
|---|---|---|---|---|---|---|---|---|---|---|---|---|---|---|
| El ejemplar forma parte de la colección y puede ser consultado según las políticas vigentes. | Library of Congress Classification | Biblioteca de Diseño Museo Franz Mayer | Biblioteca de Diseño Museo Franz Mayer | 22/04/2026 | BF721 P535 | BDIMFM000852 | 22/04/2026 | Ej.1 | 22/04/2026 | Libros |